Hlubočepy : od trilobitů k filmovým hvězdám /

Hlavní autor: Jungmann, Jan, 1964-
Další autoři: Kasíková, Lucie
Jazyk: Čeština
Angličtina
Vydáno: Praha : Muzeum hlavního města Prahy, 2025
Témata:
Fyzický popis: 299 stran : ilustrace (některé barevné), portréty, faksimile ; 32 cm + 1 brožura (27 stran ; 31 cm) + 2 plány (86 x 68 cm složeno na 29 x 17 cm; 50 x 62 cm složeno na 16 x 25 cm)
Language note: Souběžný anglický text v brožuře
Knihy
Uloženo v:
LEADER 02304nam a2200577 i 4500
001 nkc20253681035
003 CZ PrNK
005 20251107125943.0
007 ta
008 250611s2025 xr ach e 000 0 cze
015 |a cnb003681035 
020 |a 978-80-87828-76-2  |q (vázáno) 
035 |a (OCoLC)1527576790 
040 |a ABA001  |b cze  |e rda 
041 1 |a cze  |a eng  |h cze 
043 |a e-xr---  |b e-xr-pg  |2 czenas 
072 7 |a 908(437)  |x Vlastivěda Česka a Slovenska  |2 Konspekt  |9 8 
080 |a 77.039  |2 MRF 
080 |a 913:94  |2 MRF 
080 |a 908(437.311)  |2 MRF 
080 |a (437.311)  |2 MRF 
080 |a (048.8)  |2 MRF 
080 |a (084.12)  |2 MRF 
100 1 |a Jungmann, Jan,  |d 1964-  |7 jn20000401265  |4 aut 
245 1 0 |a Hlubočepy :  |b od trilobitů k filmovým hvězdám /  |c Jan Jungmann ; překlad: Lucie Kasíková 
264 1 |a Praha :  |b Muzeum hlavního města Prahy,  |c 2025 
300 |a 299 stran :  |b ilustrace (některé barevné), portréty, faksimile ;  |c 32 cm +  |e 1 brožura (27 stran ; 31 cm) + 2 plány (86 x 68 cm složeno na 29 x 17 cm; 50 x 62 cm složeno na 16 x 25 cm) 
336 |a text  |b txt  |2 rdacontent 
336 |a statický obraz  |b sti  |2 rdacontent 
336 |a kartografický obraz  |b cri  |2 rdacontent 
337 |a bez média  |b n  |2 rdamedia 
338 |a svazek  |b nc  |2 rdacarrier 
338 |a list  |b nb  |2 rdacarrier 
504 |a Obsahuje bibliografii a bibliografické odkazy 
546 |a Souběžný anglický text v brožuře 
650 0 7 |a historické fotografie  |7 ph135159  |z Česko  |2 czenas 
650 0 7 |a historický místopis  |7 ph137052  |z Česko  |2 czenas 
650 0 9 |a historical photographs  |z Czechia  |2 eczenas 
650 0 9 |a historical topography  |z Czechia  |2 eczenas 
651 7 |a Hlubočepy (Praha, Česko)  |7 ge137112  |x vlastivěda a dějiny  |2 czenas 
651 9 |a Hlubočepy (Prague, Czechia)  |x local history and geography  |2 eczenas 
655 7 |a monografie  |7 fd132842  |2 czenas 
655 7 |a fotografické publikace  |7 fd132276  |2 czenas 
655 9 |a monographs  |2 eczenas 
655 9 |a photographical works  |2 eczenas 
700 1 |a Kasíková, Lucie  |7 xx0201780  |4 trl 
910 2 |a BOA001  |b 4-1546.429 
990 |a BK 
995 |a 01 
991 |b 202506  |c NOV 
996 6 |b 2611006731  |c 4-1546.429  |l MZK  |r Sklad / do 1 hodiny  |n 0  |p p.v.  |w 002009754  |u 000010  |a 1  |e BOA001  |j MZK50  |s P